Billboard Hot 100 Top 100 Songs of March 26, 2016 - Statistics

General Stats
  • This quiz has been taken 421 times
  • The average score is 23 of 110
Answer Stats
Chart Position Artist Answer % Correct
#1 (=) Rihanna ft. Drake Work
89%
#12 (-1) Adele Hello
87%
#8 (-3) Justin Bieber Sorry
86%
#5 (+4) Lukas Graham 7 Years
84%
#6 (=) Zayn Malik Pillowtalk
81%
#2 (=) Justin Bieber Love Yourself
76%
#3 (=) twenty one pilots Stressed Out
72%
#9 (+1) DNCE Cake By The Ocean
71%
#16 (-4) Fifth Harmony ft. Ty Dolla $ign Work From Home
67%
#17 (=) Shawn Mendes Stitches
66%
#11 (DEBUT) Meghan Trainor No
57%
#10 (+4) Mike Posner I Took A Pill In Ibiza
55%
#4 (=) Flo Rida My House
53%
#19 (=) Bryson Tiller Don't
52%
#34 (-5) Justin Bieber What Do You Mean?
52%
#7 (=) G-Eazy ft. Bebe Rexha Me, Myself & I
51%
FALLOFF (#49) Wiz Khalifa ft. Charlie Puth See You Again
50%
#15 (+1) Charlie Puth One Call Away
46%
#14 (-1) The Chainsmokers ft. ROZES Roses
45%
#24 (-3) The Weeknd The Hills
42%
#45 (-6) The Weeknd Can't Feel My Face
41%
#27 (-3) Drake Hotline Bling
38%
#13 (+2) Selena Gomez Hands To Myself
37%
#32 (+1) Alessia Cara Here
37%
#72 (+22) Desiigner Panda
36%
#63 (+13) The Chainsmokers ft. Daya Don't Let Me Down
34%
FALLOFF (#48) Major Lazer & DJ Snake ft. MO Lean On
34%
#22 (+12) Zara Larsson & MNEK Never Forget You
33%
#92 (-1) Sia ft. Sean Paul Cheap Thrills
31%
#39 (-4) Fetty Wap ft. Remy Boyz 679
29%
#42 (-5) Meghan Trainor ft. John Legend Like I'm Gonna Lose You
29%
#35 (-9) Selena Gomez Same Old Love
27%
#71 (-10) Shawn Mendes & Camila Cabello I Know What You Did Last Summer
26%
#21 (+4) Kevin Gates 2 Phones
22%
#23 (-1) Drake & Future Jumpman
20%
#31 (+19) DJ Snake ft. Bipolar Sunshine Middle
20%
#40 (=) Elle King Ex's and Oh's
19%
FALLOFF (#100) One Direction History
19%
#28 (-5) Adele When We Were Young
19%
#50 (+2) James Bay Let It Go
18%
FALLOFF (#87) One Direction Perfect
18%
#37 (-6) Daya Hideaway
17%
#43 (+13) Future ft. The Weeknd Low Life
17%
#46 (-2) Post Malone White Iverson
16%
#36 (-8) The Weeknd In The Night
15%
#87 (-1) Ruth B Lost Boy
15%
#58 (=) Troye Sivan Youth
15%
#53 (-12) Coldplay Adventure Of A Lifetime
14%
FALLOFF (#47) Travi$ Scott Antidote
14%
#18 (=) Yo Gotti ft. Nicki Minaj Down In The DM
14%
#26 (+10) Bryson Tiller Exchange
14%
#68 (-2) Rihanna Needed Me
14%
#33 (-6) Jeremih oui
14%
#47 (-5) Rachel Platten Stand By You
14%
#44 (+1) Robin Schulz ft. Francesco Yates Sugar
14%
#89 (Re-Entry) Justin Bieber Company
13%
#20 (-12) Kelly Clarkson Piece By Piece
11%
#30 (+2) Tory Lanez Say It
11%
#48 (-2) Carrie Underwood Heartbeat
10%
#95 (-5) Ty Dolla $ign ft. E-40 Saved
10%
#69 (+11) Alessia Cara Wild Things
10%
#59 (+5) Kevin Gates Really Really
9%
FALLOFF (#89) Lil Dicky ft. Fetty Wap & Rich Homie Quan $ave Dat Money
8%
#80 (+5) O.T Genasis ft. Young Dolph Cut It
8%
#73 (Re-Entry) Taylor Swift New Romantics
8%
#25 (-5) Chris Brown Back To Sleep
7%
#41 (-3) Thomas Rhett Die A Happy Man
7%
#85 (-2) Kid Ink ft. Fetty Wap Promise
7%
#56 (-5) Young Thug Best Friend
6%
#51 (+4) Maren Morris My Church
6%
#52 (+1) Ellie Goulding Something In The Way You Move
6%
#99 (-6) Bryson Tiller Sorry Not Sorry
6%
#29 (+1) Drake Summer Sixteen
6%
#77 (-2) The Weeknd Acquainted
5%
FALLOFF (#79) Flo Rida ft. Jason Derulo Hello Friday
5%
#94 (+2) Belly ft. The Weeknd Might Not
5%
#66 (DEBUT) Shakira Try Everything
5%
#97 (-20) Jason Derulo Get Ugly
4%
FALLOFF (#59) Zayn Malik It's You
4%
#74 (-1) Fetty Wap Jimmy Choo
4%
#79 (DEBUT) Kendrick Lamar Untitled 02 I 06.23.2014
4%
#90 (DEBUT) Kendrick Lamar Untitled 07 I 2014-2016
4%
#91 (+7) 2 Chainz Watch Out
4%
#57 (+10) Tim McGraw Humble And Kind
3%
#76 (+5) Disturbed The Sound Of Silence
3%
#38 (+5) Cole Swindell You Should Be Here
3%
#60 (+2) Florida Georgia Line Confession
2%
#70 (-7) Luke Bryan ft. Karen Fairchild Home Alone Tonight
2%
#67 (+5) Rascal Flatts I Like The Sound Of That
2%
#62 (+8) Old Dominion Snapback
2%
#96 (DEBUT) Zendaya ft. Chris Brown Something New
2%
#61 (+7) Dierks Bentley Somewhere On A Beach
2%
#84 (+8) Thomas Rhett T-Shirt
2%
FALLOFF (#99) Empire Of The Sun Walking On A Dream
2%
#83 (DEBUT) Jake Owen American Country Love Song
1%
#65 (+6) Granger Smith Backroad Song
1%
#55 (+2) Zac Brown Band Beautiful Drug
1%
#81 (-16) Keith Urban Break On Me
1%
#54 (DEBUT) Blake Shelton Came Here To Forget
1%
#49 (+5) Brett Eldredge Drunk On Your Love
1%
#100 (DEBUT) 2 Chainz ft. Lil Wayne Gotta Lotta
1%
#98 (-1) Jon Pardi Head Over Boots
1%
#82 (-4) Luke Nasty Might Be
1%
#88 (-4) Dustin Lynch Mind Reader
1%
#78 (-4) Chris Stapleton Nobody To Blame
1%
#93 (-5) Lee Brice That Don't Sound Like You
1%
#64 (+5) Chris Young Duet With Cassadee Pope Think Of You
1%
FALLOFF (#95) Lady Gaga Till It Happens To You
1%
#75 (-15) Randy Houser We Went
1%
#86 (-4) Chase Bryant A Little Bit Of You
0%
No matching quizzes found
Score Distribution
Percent of People with Each Score
Percentile by Number Answered
Your Score History
You have not taken this quiz